000 00533nam a2200193 i 4500
001 52151
003 ES-MaACL
005 20251014063116.0
007 t|
008 030826s1960 xxk ||||1| eng d
100 1 _aChristie, Agatha,
_d1890-1976
_938657
245 1 0 _aCards on the table /
_cAgatha Christie.
260 _a[London :
_bCollins,
_c1960]
300 _a192 p. ;
_c18 cm.
490 1 _aFontana Books
830 0 _aFontana Books
_9182370
852 _aES-MaACL
_jC-19496
_bR.46226
999 _c52151
_d52151